| 000 | 00733nam a22002177a 4500 | ||
|---|---|---|---|
| 005 | 20240220152326.0 | ||
| 010 | _aENG-139381 | ||
| 020 |
_c949.00 _a9789390746415 |
||
| 035 | _aEN-122913 | ||
| 037 | _bDBAD/PUB | ||
| 082 |
_a327.096 _21 |
||
| 245 |
_aAfrican International Relation: _bThematic Analysis/ _cBy Kenneth K Oluoch; Michael Mawa and Thomas Otieno Juma |
||
| 250 | _a1 | ||
| 260 |
_aBelgharia _bExceller Books _c202 |
||
| 270 |
_aG1,Dream Apartment,Degree College Road _bKolkata _e700056 |
||
| 300 |
_a252p. _c21cm(pb) |
||
| 700 |
_aMawa, Michael _eAuthor _962305 |
||
| 700 |
_aOluoch, Kenneth K _eAuthor _962306 |
||
| 700 |
_aJuma, Thomas Otieno _eAuthor _962307 |
||
| 942 |
_2ddc _cEN _h327.096 _mAFR _e1 |
||
| 999 |
_c200935 _d200935 |
||